000 00415nam a22001817a 4500
999 _c10490
_d10490
003 OSt
008 210223b ||||| |||| 00| 0 eng d
020 _a9781844135844
082 _a650.11 COB
100 _aCOLLINS,JIM
245 _aBuilt to Last
250 _a-
260 _aLondon
_bHarper Collins Publishers
_c1994
300 _a342
650 _aGENERAL
700 _aPORRAS,Jerry I
942 _2ddc
_cBK
_01